000 00750nam a2200217Ia 4500
003 GCL
008 140319s9999 xx 000 0 ara d
040 _aGCL /
_cGCL
082 0 4 _a790.0135
_bك ت
100 1 _aكمال درويش
245 1 0 _aالترويح واوقات الفراغ فى المجتمع المعاصر /
_cكمال درويش
250 _aالاولى
260 _aالرياض :
_bمركز البحوث التربوية والنفسية ،
_c1986
300 _a263 ص ؛
_c24 سم
490 _aسلسلة الدراسات والبحوث التربوية
_v14
650 0 4 _aالالعاب الرياضية
650 0 4 _aالترفيه
650 0 4 _aوقت الفراغ
650 0 4 _aالهوايات
942 _2ddc
_cBK
999 _c6958
_d6958